000 00295nam a22001337a 4500
008 170620b xxu||||| |||| 00| 0 eng d
020 _a9780735589216
041 _aeng
080 _a32
100 _a20
101 _aSHP
245 _aWE THE PEOPLE FEDERALISM
_cBELLIA.A
942 _2udc
_cBK
999 _c18260
_d18260